Songs With Stories Quiz - Statistics

General Stats
  • This quiz has been taken 11 times
  • The average score is 3 of 12
Answer Stats
Hint Answer % Correct
Man heads off to war against his fiancee's wishes, who urges him not to be a hero. Billy, Don't Be A Hero
73%
Father spends more time focusing on work than his son. History repeats itself. Cat's In The Cradle
64%
Though Mama told him not to attend, a man discovers the horrors of hard partying. Mama Told Me (Not To Come)
45%
The people of a village in a valley demand and ultimately murder the residents of the mountain village to claim their ironic treasure. One Tin Soldier
27%
Two young lovers run from the law after they murder the owner of a castle they were robbing. Take The Money and Run
27%
Following a car accident that claims the life of his girlfriend, a man promises to be good in life. Last Kiss
18%
Man has recurring nightmare his girlfriend's Father seeks vengeance on him for impregnating his daughter. Run Joey Run
18%
Al Capone calls his gang to war against the forces of the law. The Night Chicago Died
18%
Progression of a man's life who found himself alone at a young age, became a drifter who lived recklessly and ultimately left his past behind to focus on his responsibilities. Against The Wind
9%
Man is released following a murder and continually makes mistakes in life, which he will no doubt continue to repeat. Do It Again
9%
Inspired by The Beatles, a young boy takes up guitar, leaves home to pursue a successful career in music that ultimately ends in tragedy. Shooting Star
9%
He asked her to dance, walked her home, confessed his love and proposed. And always followed it up with a kiss. Then He Kissed Me
9%
No matching quizzes found
Score Distribution
Percent of People with Each Score
Percentile by Number Answered
Your Score History
You have not taken this quiz